| 000 | 00772nam a22002057a 4500 | ||
|---|---|---|---|
| 999 |
_c20027 _d20027 |
||
| 003 | AR-CdUCM | ||
| 008 | 190524b ||||| |||| 00| 0 spa d | ||
| 040 |
_aMUNICIPALIDAD PROVINCIAL DEL CUSCO _cBIBLIOTECA MUNICIPAL DEL CUSCO |
||
| 082 |
_a791.8 / _bR68 |
||
| 100 |
_aRivera, Leonidas _941892 |
||
| 245 |
_aCharlas de evocacion taurina : _bLa tauromaquia en el Perú y en España / |
||
| 260 |
_aLima : _c1959. |
||
| 300 |
_a119 páginas ; _bIlustraciones _c25 cm. |
||
| 505 | _aContenido: Primera "charla"- capitulo primero. De Lorenzo Pizzi a Angel Valdez -- Los niños bienvenida en Lima -- Subalternos españoles... | ||
| 650 |
_aEvoción Taurina _941893 |
||
| 650 |
_aEl maestro _941894 |
||
| 650 |
_aTauromaquia _941895 |
||
| 942 |
_2ddc _cLIBROS |
||
| 945 | _aAndy | ||